京王線沿線の大学 - Statistics

General Stats
  • This quiz has been taken 70 times
  • The average score is 7 of 24
Answer Stats
運営 最寄り駅 Answer % Correct
私立 明大前 明治大学
92%
国立 調布 電気通信大学
79%
公立 南大沢 東京都立大学
76%
私立 下高井戸・桜上水 日本大学
57%
国立 飛田給 東京外国語大学
56%
国立 府中 東京農工大学
56%
私立 京王多摩センター 帝京大学
48%
私立 新宿・京王八王子 工学院大学
44%
私立 京王八王子 創価大学
35%
私立 聖蹟桜ヶ丘・京王永山 多摩大学
21%
私立 調布 国際基督教大学
13%
私立 平山城址公園・京王堀之内 東京薬科大学
13%
私立 新宿 文化学園大学
10%
私立 仙川 白百合女子大学
10%
私立 仙川 桐朋学園大学
10%
私立 仙川・調布 杏林大学
10%
私立 新宿 宝塚大学
8%
私立 新宿 東京医科大学
8%
私立 府中 東京経済大学
6%
私立 千歳烏山 東京女子体育大学
5%
私立 国領 東京慈恵会医科大学
3%
私立 調布 ルーテル学院大学
0%
私立 高幡不動 杉野服飾大学
0%
私立 京王八王子 東京純心大学
0%
No matching quizzes found
Score Distribution
Percent of People with Each Score
Percentile by Number Answered
Your Score History
You have not taken this quiz